000 00390nam a2200145Ia 4500
008 151213s9999 xx 000 0 und d
100 _aFrederick L. Scherr
245 _aModern Working Capital Management
_cFrederick L. Scherr
260 _aU S A
_bPrentic Hall
_c2006
300 _a6921 p.
650 _aManagement
650 _aManagement
700 _aFrederick L. Scherr
999 _c3709
_d3709